| 000 | 00524nam a2200157 a 4500 | ||
|---|---|---|---|
| 001 | 000040263 | ||
| 005 | 20201002034023.0 | ||
| 008 | 130821s2011 dr a 000 0 spa d | ||
| 020 | _a9789945882414 | ||
| 040 |
_aDO-SdBNP _bspa _cBNPHU |
||
| 082 |
_axxxx _bxxxx |
||
| 100 | 1 |
_aArias, Yvonne _966537 |
|
| 245 | 1 | 0 |
_aFunciones y servicios ambientales de los ecosistemas : _breserva de la biosfera Jaragua-Bahoruco-Enriquillo / _cYvonne Arias. |
| 260 |
_aSanto Domingo : _bGrupo Jaragua, _c2011. |
||
| 300 |
_a37 p. : _bil. ; _c22 cm. |
||
| 999 |
_c39753 _d39753 |
||